|
|
|
|
| LEADER |
00000nam0a2200000 4500 |
| 001 |
250543 |
| 005 |
20231101232555.0 |
| 010 |
|
|
|a 5714000579
|
| 020 |
|
|
|a RU
|b 89-3658
|
| 035 |
|
|
|a (RuTPU)RU\TPU\book\272752
|
| 090 |
|
|
|a 250543
|
| 100 |
|
|
|a 20140214d1988 km a0rusy5003 ca
|
| 101 |
0 |
|
|a rus
|
| 102 |
|
|
|a RU
|
| 105 |
|
|
|a c z 001zb
|
| 200 |
1 |
|
|a Письма
|f Ж. Бизе
|g сост. Г. Т. Филенко
|
| 205 |
|
|
|a 2-е изд., испр.
|
| 210 |
|
|
|a Москва
|c Музыка
|d 1988
|
| 215 |
|
|
|a 478 с.
|c нот. ил.
|
| 320 |
|
|
|a Библиогр. в примеч.: с. 334-419.
|
| 320 |
|
|
|a Указ. имен.: с. 420-470.
|
| 606 |
1 |
|
|a Композиторы
|2 stltpush
|3 (RuTPU)RU\TPU\subj\15032
|9 41330
|
| 610 |
1 |
|
|a опера
|
| 610 |
1 |
|
|a французская музыка
|
| 610 |
1 |
|
|a 19 в.
|
| 610 |
1 |
|
|a французская опера
|
| 610 |
1 |
|
|a французская музыка
|
| 610 |
1 |
|
|a письма
|
| 610 |
1 |
|
|a биографии
|
| 610 |
1 |
|
|a персоналии
|
| 610 |
1 |
|
|a жизнь
|
| 610 |
1 |
|
|a деятельность
|
| 610 |
1 |
|
|a музыка
|
| 675 |
|
|
|a 78.071.1(092) Бизе
|z rus
|
| 700 |
|
1 |
|a Бизе
|b Ж.
|g Жорж
|
| 702 |
|
1 |
|a Филенко
|b Г. Т.
|4 220
|
| 801 |
|
0 |
|a RU
|b RuMRKP
|c 19950417
|g psbo
|
| 801 |
|
1 |
|a RU
|b 63413507
|c 20140214
|
| 801 |
|
2 |
|a RU
|b 63413507
|c 20140220
|g RCR
|
| 942 |
|
|
|c BK
|